000 00584nam a2200229Ia 4500
003 OSt
005 20220924135320.0
006 a|||||r|||| 00| 0
007 ta
008 220923b |||||||| |||| 00| 0 ben d
024 _a290476
037 _cTextual
040 _aARTS
_cARTS
_bben
041 _2ben
_aben
082 _aO111,3NCM,1, G2
100 _aChase Mary Elen
_9210051
245 0 _aKalyanmoye Uttaradhikari
260 _c1932
650 _aENGLISH LITERATURE
942 _hO111,3NCM,1, G2
_cTEXL
_2CC
999 _c440246
_d440246